México pintoresco, artístico y monumental (Record no. 10433)
[ view plain ]
| 000 -CABECERA | |
|---|---|
| campo de control de longitud fija | 01581nam a2200229 a 4500 |
| 001 - NÚMERO DE CONTROL | |
| campo de control | BRL_1624 |
| 005 - FECHA Y HORA DE LA ÚLTIMA TRANSACCIÓN | |
| campo de control | 20190320211308.0 |
| 008 - DATOS DE LONGITUD FIJA--INFORMACIÓN GENERAL | |
| campo de control de longitud fija | 140414s1957----mx-a######---#000-0#spa-# |
| 041 ## - CÓDIGO DE LENGUA | |
| Código de lengua del texto/banda sonora o título independiente | spa |
| 044 ## - CÓDIGO DEL PAÍS DE LA ENTIDAD EDITORA/PRODUCTORA | |
| Código MARC del país | mx |
| 050 #4 - SIGNATURA TOPOGRÁFICA DE LA BIBLIOTECA DEL CONGRESO | |
| Número de clasificación | F1386.13 |
| Número de documento/Ítem | .R58 1957 |
| 100 1# - ENTRADA PRINCIPAL--NOMBRE DE PERSONA | |
| Nombre de persona | Rivera Cambas, Manuel |
| Fechas asociadas al nombre | 1840-1917 |
| 9 (RLIN) | 27477 |
| 245 10 - MENCIÓN DE TÍTULO | |
| Título | México pintoresco, artístico y monumental |
| Resto del título | vistas, descripción, anecdotas y episodios de los lugares más notables de la capital y de los estados, aún de las poblaciones cortas, pero de importancia geográfica ó histórica |
| Mención de responsabilidad, etc. | arreglada y escrita por Manuel Rivera Cambas. |
| 260 ## - PUBLICACIÓN, DISTRIBUCIÓN, ETC. | |
| Lugar de publicación, distribución, etc. | México |
| Nombre del editor, distribuidor, etc. | Editora Nacional |
| Fecha de publicación, distribución, etc. | 1957 |
| 300 ## - DESCRIPCIÓN FÍSICA | |
| Extensión | 3 v. |
| Otras características físicas | il. |
| Dimensiones | 24 cm. |
| 500 ## - NOTA GENERAL | |
| Nota general | Obra ilustrada con gran número de hermosas litografías, representando las iglesias, plazas y calles principales, fuentes, cementerios con sus más notables sepulcros; paseos, hospicios y hospitales; obras del desagüe; trabajos artísticos, estátuas, monumentos antiguos y modernos; ex-conventos; trajes nacionales: costumbres mexicanas; paisajes pintorescos; lugares célebres en nuestras revoluciones; grutas y cascadas; ferrocarriles con las vistas de las estaciones, de los muelles y faros; fortalezas, presidios, penitenciarías; ruinas existentes; acueductos, puentes y todo cuanto pueda señalar el grado de nuestro adelanto y el aspecto físico, moral e intelectual de la República |
| 500 ## - NOTA GENERAL | |
| Nota general | v.1 Au1885, v.2 Au1883, v.3 Au1884 |
| 651 #4 - PUNTO DE ACCESO ADICIONAL DE MATERIA--NOMBRE GEOGRÁFICO | |
| Nombre geográfico | México |
| Subdivisión general | Descripción y viajes |
| 9 (RLIN) | 103 |
| 651 #4 - PUNTO DE ACCESO ADICIONAL DE MATERIA--NOMBRE GEOGRÁFICO | |
| Nombre geográfico | Ciudad de México |
| Subdivisión general | Descripción y viajes |
| 9 (RLIN) | 2418 |
| 902 ## - CATALOGADOR | |
| Iniciales | GRL |
| 942 ## - ELEMENTOS DE PUNTO DE ACCESO ADICIONAL (KOHA) | |
| Fuente del sistema de clasificación o colocación | Library of Congress Classification |
| Tipo de ítem Koha | Libros |
| Estado de retiro | Estado de pérdida | Estado dañado | No para préstamo | Localización permanente | Ubicación/localización actual | Fecha de adquisición | Total de préstamos | Signatura topográfica completa | Código de barras | Fecha visto por última vez | Precio válido a partir de | Tipo de ítem Koha |
|---|---|---|---|---|---|---|---|---|---|---|---|---|
| El ejemplar forma parte de la colección y puede ser consultado según las políticas vigentes. | Biblioteca Centro de Estudios Ruth D. Lechuga | Biblioteca Centro de Estudios Ruth D. Lechuga | 14/04/2014 | F1386.13 .R58 1957 | GRL01788 | 22/03/2019 | 22/03/2019 | Libros | ||||
| El ejemplar forma parte de la colección y puede ser consultado según las políticas vigentes. | Biblioteca Centro de Estudios Ruth D. Lechuga | Biblioteca Centro de Estudios Ruth D. Lechuga | 06/01/2016 | F1386.13 .R58 1957 | GRL01789 | 22/03/2019 | 22/03/2019 | Libros | ||||
| El ejemplar forma parte de la colección y puede ser consultado según las políticas vigentes. | Biblioteca Centro de Estudios Ruth D. Lechuga | Biblioteca Centro de Estudios Ruth D. Lechuga | 06/01/2016 | F1386.13 .R58 1957 | GRL01790 | 22/03/2019 | 22/03/2019 | Libros |